Irish Mythology Picture Click Quiz Stats

Quiz not verified by Sporcle

Also try: Bible Top 200
Challenge
Share
Tweet
Score 0/12 Timer 05:00
0 Plays Today
% Correct
Bean Sí
75.9%
Balor
73.1%
Diarmuid agus Gráinne
70.4%
Ériu
63.9%
Nuada
62%
Macha
60.2%
Lir
60.2%
Dagda
56.5%
Cú Chulainn
50.9%
Lugh
50.9%
Sadhbh
31.5%
Étain agus Midhir
30.6%

You're not logged in!

Compare scores with friends on all Sporcle quizzes.
Sign Up with Email
OR
Log In

You Might Also Like...

Show Comments

Extras

Top Quizzes Today


Score Distribution

Your Account Isn't Verified!

In order to create a playlist on Sporcle, you need to verify the email address you used during registration. Go to your Sporcle Settings to finish the process.